00725nam a22001937a 4500003001100000005001700011008004100028040003900069041000800108082001300116245010500129260002700234300009700261650002800358650003500386942000700421952008800428999001500516LK-CoMWRAF20231022112926.0231005b1948 |||||||| |||| 00| 0 eng d aLK-CoMWRAFdLK-CoMWRAFeLK-CoMWRAF aeng a016bMOD aThe modern encyclopedia for children:bA companion to school work and out-of-school interests, etc.  aLondon:bOdhams,c1952 a694 p. col. front., illus. (incl. ports., maps, facsims., music) col. plates, diagrs. 26 cm. aCHILDREN-Encyclopedias  aEncyclopedias and dictionaries cBK 00104070aMAINbMAINd2023-10-05l0o016 MODpRAF1610r2023-10-05w2023-10-05yBK c3783d3783